The desert of the Exodus: Journeys on foot in the wilderness of the forty years'wanderings. Undertaken in connection with the ordnance survey of Sinai and the Palestine Exploration Fund. With maps and numerous illustrations from photographs and drawings taken on the spot by the Sinai Survey Expedition, and C. F. Tyrwhitt Drake

-д хадгалсан:
Номзүйн дэлгэрэнгүй
Үндсэн зохиолч: Palmer, Edward Henry (Зохиогч)
Формат: Ном
Хэл сонгох:англи
Хэвлэсэн: Nueva York Harper & Brothers, Publishers 1872
Хэвлэл:1a. ed
Нөхцлүүд:
Шошгууд: Шошго нэмэх
Шошго байхгүй, Энэхүү баримтыг шошголох эхний хүн болох!

MARC

LEADER 00000nam a2200000 a 4500
001 UCJ4922
003 CL-VaPUC
008 070124e18720000US |||||||||||||||||eng|d
082 0 4 |a 910.4  |b PAL  |2 21 
100 |a Palmer, Edward Henry  |e author  |9 507893 
245 1 4 |a The desert of the Exodus: Journeys on foot in the wilderness of the forty years'wanderings. Undertaken in connection with the ordnance survey of Sinai and the Palestine Exploration Fund. With maps and numerous illustrations from photographs and drawings taken on the spot by the Sinai Survey Expedition, and C. F. Tyrwhitt Drake 
250 |a 1a. ed 
300 |a xvi, 470 p 
942 |c BK 
945 |d 20070124 00:00:00  |a rinostro 
260 |a Nueva York  |b Harper & Brothers, Publishers  |c 1872 
500 |a Marca tipográfica; ilustraciones conforme a lo señalado en el índice, mapas en escala pulgada:millas estatutas 
650 0 |a Viajes  |9 257115 
650 7 |a TOPONIMIA  |2 CL-VaPUC  |9 509460 
650 0 |a Árabes  |9 316264 
650 0 |a Cultura  |9 269059 
650 0 |a Religión   |9 255164 
650 0 |a Vida social  |9 337244 
650 0 |a Familias   |9 255641 
650 7 |a HISTORIA SAGRADA  |2 CL-VaPUC  |9 326822 
650 0 |a Arqueología   |9 265619 
650 7 |a LENGUA ARABE  |2 CL-VaPUC  |9 444035 
650 0 |a Mapas  |9 260844 
650 0 |a Ilustraciones  |9 369481 
651 7 |a DESIERTO DE SINAI  |2 CL-VaPUC  |9 509461 
651 7 |a TIERRA SANTA  |2 CL-VaPUC  |9 507506 
651 0 |a Palestina  |9 324189 
651 0 |a Israel  |9 314378 
583 |a last modification  |c 20130628 04:34:37  |k Rodrigo Vera 
999 |c 321037  |d 321035 
952 |0 0  |1 0  |4 0  |6 910_400000000000000_PAL_1872  |7 0  |8 X  |9 399694  |a FDOBUD  |b FDOBUD  |d 2019-11-22  |i 1027808  |o 910.4 PAL 1872  |p 1027808  |r 2019-11-22  |w 2019-11-22  |y BK_X  |k BUD